| 000 | 00566nam a2200169Ia 4500 | ||
|---|---|---|---|
| 008 | 180921t2017 xxu||||| |||| 00| 0 sin d | ||
| 041 | _asin | ||
| 080 |
_a8-31 _bක්රිස්ටි |
||
| 100 | _aක්රිස්ටි, අගතා | ||
| 245 | _aකළු කෝපි | ||
| 260 |
_bඅරටුව ප්රකාශන _aමීගමුව _c2017 |
||
| 300 | _aසෙ.මි.21, පි.224 | ||
| 700 |
_aහස්තික පොල්වත්තගේ _eපරි. |
||
| 942 | _cBK | ||
| 999 |
_c10882 _d10882 |
||
| 003 | LK-CoDNM | ||
| 040 |
_aLK-CoDNM _dLK-CoDNM _eLK-CoDNM |
||